00345nam a2200121Ia 4500008004100000041001200041082002000053100002800073245004600101260002000147300001200167650004400179231217s9999 xx 000 0 und d aEnglish a348.02 LAW `R' aLaw Publishers, (India) 4aThe transfer property act,1882 : Bare act c2000bLaw Publ. aviii+71 aTransfer property act 1882 Property act